000 00541nam a22001937a 4500
003 OSt
005 20160408143040.0
008 160408b xxu||||| |||| 00| 0 eng d
020 _a013149855
040 _cDDC.
082 _a519.5BUS 2005.
100 _aGroebner,F.David;[al....et]
_97599
245 _aBusinessn Statistics.
_bA decision Making Approach.
260 _aNew Jersey.
_bPeason Prentice Hall.
_c2005.
300 _axxix,808p;
_bcol,ill;
_c27cm.
504 _aincludes index.
650 _aStatistics.
_91274
942 _2ddc
_cSLOAN
999 _c3407
_d3407